Physics: foundations and aplications

Shranjeno v:
Bibliografske podrobnosti
Main Authors: Eisberg, Robert Martin (Author), Lerner, Lawrence S (Author)
Format: Knjiga
Jezik:angleščina
Izdano: Nueva York McGraw-Hill Book 1981
Teme:
Oznake: Označite
Brez oznak, prvi označite!

MARC

LEADER 00000nam a2200000 a 4500
001 UCZ9930
003 CL-VaPUC
008 960314e19810000US |||||||||||||||||eng|d
082 0 4 |a 530  |b EIS  |2 21 
100 0 |a Eisberg, Robert Martin  |e author  |9 354931 
700 |a Lerner, Lawrence S  |e author  |9 360428 
245 1 0 |a Physics: foundations and aplications 
300 |a v 
942 |c BK 
945 |d 19960314 00:00:00  |a rleighto 
260 |a Nueva York  |b McGraw-Hill Book  |c 1981 
500 |a Incluye en forma separada un suplemento 
650 0 |a Física   |9 227844 
650 0 |a Termodinámica   |9 259320 
650 0 |a Campos magnéticos  |9 354933 
650 7 |a INDUCCION ELECTROMAGNETICA  |2 CL-VaPUC  |9 354934 
583 |a last modification  |c 19960314 00:00:00  |k Rodrigo Vera 
999 |c 244973  |d 244971 
952 |0 0  |1 0  |4 0  |6 530_000000000000000_EIS_1981  |7 0  |8 A  |9 259275  |a BIBCUR  |b BIBCUR  |d 2019-11-19  |h v.1  |i 3177491  |o 530 EIS 1981  |p 3177491  |r 2025-04-22  |w 2019-11-19  |y BK  |k BCB 
952 |0 0  |1 0  |4 0  |6 530_000000000000000_EIS_1981  |7 0  |8 A  |9 259276  |a BIBCUR  |b BIBCUR  |d 2019-11-19  |h v.2  |i 3181561  |o 530 EIS 1981  |p 3181561  |r 2025-04-22  |w 2019-11-19  |y BK  |k BCB 
952 |0 0  |1 0  |4 0  |6 530_000000000000000_EIS_1981  |7 0  |8 A  |9 259277  |a BIBCUR  |b BIBCUR  |d 2019-11-19  |i 1798006  |o 530 EIS 1981  |p 1798006  |r 2025-04-22  |w 2019-11-19  |y BK  |k FIS